[Event "Sharjah Masters"]
[Site "Sharjah UAE"]
[Date "2018.04.13"]
[EventDate "2018.04.12"]
[Round "2.20"]
[Result "1-0"]
[White "Alireza Firouzja"]
[Black "R Ashwath"]
[WhiteElo "2572"]
[BlackElo "2250"]
[PlyCount "95"]

1. e4 c5 2. Nf3 Nc6 3. d4 cxd4 4. Nxd4 g6 5. c4 Nf6 6. Nc3
Nxd4 7. Qxd4 d6 8. Be2 Bg7 9. Be3 O-O 10. Qd2 Be6 11. O-O Qa5
12. b3 Ng4 13. Bd4 Bxd4 14. Qxd4 Qe5 15. Qxe5 Nxe5 16. f4 Nc6
17. f5 Bd7 18. f6 Rad8 19. Nb5 exf6 20. Rxf6 Be6 21. Rd1 Rd7
22. Nxd6 Rfd8 23. c5 b6 24. Bb5 bxc5 25. e5 Rc7 26. Bxc6 Rxc6
27. Rc1 Rd7 28. Rf4 f5 29. Ra4 a6 30. Kf2 Kf8 31. Ke3 Rdc7
32. g3 h6 33. h4 Ke7 34. h5 gxh5 35. Rh4 Bf7 36. Kf4 Ke6
37. Nxf7 Rxf7 38. Rxh5 Ke7 39. Rxf5 a5 40. Rxf7+ Kxf7 41. Ke4
Ke6 42. Rf1 Ke7 43. Kd5 Rg6 44. Rf3 h5 45. Kxc5 Ke6 46. Rf6+
Rxf6 47. exf6 Kxf6 48. Kb5 1-0

[Event "Sharjah Masters"]
[Site "Sharjah UAE"]
[Date "2018.04.14"]
[EventDate "2018.04.12"]
[Round "3.3"]
[Result "1-0"]
[White "Vladislav Artemiev"]
[Black "Alireza Firouzja"]
[WhiteElo "2701"]
[BlackElo "2572"]
[PlyCount "99"]

1. Nf3 Nf6 2. g3 g6 3. b3 Bg7 4. Bb2 O-O 5. Bg2 d6 6. c4 e5
7. d3 Nh5 8. Nc3 Nc6 9. O-O f5 10. e3 g5 11. Nd2 Nf6 12. Nd5
Nxd5 13. cxd5 Ne7 14. Rc1 Ng6 15. Rc4 Rf7 16. a4 a5 17. Qc2 b6
18. Rc1 Ra7 19. Rc6 Ba6 20. e4 Qd7 21. exf5 Qxf5 22. Nc4 Qf6
23. Ne3 Bxd3 24. Qd2 Bf5 25. Nxf5 Qxf5 26. Qe2 Qd7 27. Qh5 Qf5
28. Qe2 Qd7 29. Qc2 Nf8 30. Be4 Kh8 31. Bc3 Qd8 32. Bd2 Qf6
33. Be3 h6 34. Qe2 Kg8 35. R1c4 Qd8 36. Qc2 Rb7 37. Bf5 Bf6
38. b4 axb4 39. Rxb4 Qa8 40. Kg2 Kg7 41. h4 Ra7 42. hxg5 Bxg5
43. Rg4 Ra5 44. Bxg5 hxg5 45. Rxg5+ Kf6 46. Rh5 Rxd5 47. Be4
Qa5 48. Rf5+ Kg7 49. Rxc7 Rd7 50. Qc6 1-0

[Event "Sharjah Masters"]
[Site "Sharjah UAE"]
[Date "2018.04.14"]
[EventDate "2018.04.12"]
[Round "4.14"]
[Result "1-0"]
[White "Alireza Firouzja"]
[Black "V S Raahul"]
[WhiteElo "2572"]
[BlackElo "2258"]
[PlyCount "53"]

1. d4 Nf6 2. c4 g6 3. Nc3 Bg7 4. e4 d6 5. h3 O-O 6. Be3 e5
7. d5 a5 8. g4 Na6 9. Qd2 h5 10. Bg5 hxg4 11. hxg4 Bxg4 12. f3
Bh5 13. Nce2 Qe8 14. Bxf6 Bxf6 15. Ng3 Bg7 16. Nxh5 gxh5
17. Bh3 f5 18. Ne2 Nc5 19. Bxf5 Rxf5 20. exf5 e4 21. O-O-O Qe5
22. f4 Qxf5 23. Rhg1 Nd3+ 24. Kb1 Nb4 25. Nd4 Qf6 26. Rg5 c5
27. Ne6 1-0

[Event "Sharjah Masters"]
[Site "Sharjah UAE"]
[Date "2018.04.15"]
[EventDate "2018.04.12"]
[Round "5.13"]
[Result "1/2-1/2"]
[White "Raunak Sadhwani"]
[Black "Alireza Firouzja"]
[WhiteElo "2358"]
[BlackElo "2572"]
[PlyCount "149"]

1. e4 c5 2. Nf3 d6 3. d4 cxd4 4. Nxd4 Nf6 5. Nc3 a6 6. Be2 e6
7. g4 h6 8. h4 Nc6 9. Rg1 Nd7 10. g5 hxg5 11. Bxg5 Nf6 12. Qd2
Qb6 13. Nb3 Qc7 14. h5 b5 15. a3 Nxh5 16. Rh1 g6 17. O-O-O Rg8
18. Rdg1 Bb7 19. Bh4 Rh8 20. Bxh5 Rxh5 21. Bf6 Bh6 22. f4 Ne7
23. Rxh5 gxh5 24. Bg7 Bxg7 25. Rxg7 d5 26. f5 Qe5 27. Qh6 d4
28. fxe6 O-O-O 29. Nd1 d3 30. c3 Qd6 31. Rxf7 Bxe4 32. Nd2 Bd5
33. Qh7 Nc6 34. Qxh5 Qxe6 35. Rf2 Ne5 36. Qg5 Rg8 37. Qe3 Ng4
38. Qxe6+ Bxe6 39. Rf3 Ne5 40. Rf1 Rg2 41. Rf2 Rg3 42. Rf1 Bg4
43. Ne4 Rg2 44. Ne3 Re2 45. Nxg4 Nxg4 46. Nd2 Ne3 47. Rh1 Kd7
48. b3 a5 49. a4 bxa4 50. bxa4 Ke6 51. Rh6+ Ke5 52. Rh5+ Kf4
53. Rh4+ Ng4 54. Rh3 Nf2 55. Rf3+ Ke5 56. Rf8 Re1+ 57. Kb2 Re2
58. Kc1 Ke6 59. Re8+ Kd5 60. Rd8+ Kc6 61. Rc8+ Kb7 62. Rf8
Re1+ 63. Kb2 Re2 64. Kc1 Re1+ 65. Kb2 Re2 66. Kc1 Kc7 67. Rf7+
Kd8 68. Rf5 Ke7 69. Rxa5 Re1+ 70. Kb2 Nd1+ 71. Kb3 Re2 72. Nc4
Rc2 73. Rd5 Rxc3+ 74. Kb4 Rxc4+ 75. Kxc4 1/2-1/2

[Event "Sharjah Masters"]
[Site "Sharjah UAE"]
[Date "2018.04.16"]
[EventDate "2018.04.12"]
[Round "6.15"]
[Result "1-0"]
[White "Alireza Firouzja"]
[Black "Mitra Hejazipour"]
[WhiteElo "2572"]
[BlackElo "2304"]
[PlyCount "127"]

1. d4 Nf6 2. c4 e6 3. Nf3 d5 4. Nc3 c5 5. cxd5 cxd4 6. Qa4+
Bd7 7. Qxd4 exd5 8. Bg5 Nc6 9. Qd2 Be6 10. e3 h6 11. Bxf6 Qxf6
12. a3 Be7 13. Be2 O-O 14. O-O Rfd8 15. Rfd1 Na5 16. Nd4 Nc4
17. Qc2 Rac8 18. Qb3 Rd6 19. Qxb7 Rb6 20. Qxc8+ Bxc8 21. Nxd5
Qe5 22. Bxc4 Rg6 23. Nf3 Qe4 24. Rd4 Rxg2+ 25. Kxg2 Bh3+
26. Kg3 Bd6+ 27. Nf4 Qf5 28. Ne5 g5 29. Rxd6 Qxe5 30. Rd4 Bf5
31. Kf3 gxf4 32. Rg1+ Kh7 33. Rxf4 Bg6 34. h4 Qxb2 35. Kg3 Qg7
36. Kh2 Qe5 37. Rg3 Qe7 38. a4 a5 39. Bd5 Kh8 40. Bc4 Kh7
41. Kg1 Qd7 42. Be2 Qd5 43. Kh2 Qe5 44. h5 Bf5 45. Bc4 Be6
46. Bxe6 fxe6 47. Rh3 Qg5 48. Rhh4 e5 49. Rfg4 Qf5 50. Kg2 Qf6
51. Rh3 Qc6+ 52. Rf3 Qd5 53. e4 Qb7 54. Rfg3 Kh8 55. Rg8+ Kh7
56. R3g7+ Qxg7+ 57. Rxg7+ Kxg7 58. f4 exf4 59. Kf3 Kf6
60. Kxf4 Ke6 61. e5 Ke7 62. Kf5 Kf7 63. e6+ Ke7 64. Ke5 1-0

[Event "Sharjah Masters"]
[Site "Sharjah UAE"]
[Date "2018.04.17"]
[EventDate "2018.04.12"]
[Round "7.7"]
[Result "1-0"]
[White "Pavel Eljanov"]
[Black "Alireza Firouzja"]
[WhiteElo "2700"]
[BlackElo "2572"]
[PlyCount "91"]

1. d4 Nf6 2. Nf3 g6 3. Bf4 Bg7 4. c3 O-O 5. e3 d6 6. h3 b6
7. Be2 Bb7 8. O-O Nbd7 9. Bh2 Qe8 10. a4 a6 11. Nbd2 e5 12. b4
Qe7 13. Qb3 a5 14. b5 Kh8 15. Rac1 Rae8 16. Ne1 Ng8 17. Bc4
Ngf6 18. Nc2 Qd8 19. Rfe1 e4 20. Qa2 Qa8 21. Bf1 Ng8 22. c4 f5
23. Nb3 g5 24. c5 Bd5 25. cxd6 cxd6 26. Bxd6 Rf6 27. Bh2 f4
28. Na3 Ref8 29. Bc4 Ne7 30. Nd2 Rf5 31. Nab1 fxe3 32. fxe3 g4
33. hxg4 Rg5 34. Nc3 Nf6 35. Rf1 Bxc4 36. Nxc4 Qe8 37. Ne5 Ng6
38. Nd5 Qe6 39. Rc6 Qg8 40. Nc3 Qxa2 41. Nxa2 Kg8 42. Nc3 Ne7
43. Rxb6 Rc8 44. Bf4 Ned5 45. Nxd5 Nxd5 46. Rc6 1-0

[Event "Sharjah Masters"]
[Site "Sharjah UAE"]
[Date "2018.04.18"]
[EventDate "2018.04.12"]
[Round "8.14"]
[Result "1-0"]
[White "Alireza Firouzja"]
[Black "Shantanu Bhambure"]
[WhiteElo "2572"]
[BlackElo "2155"]
[PlyCount "67"]

1. e4 c5 2. Nf3 d6 3. d4 cxd4 4. Nxd4 Nf6 5. Nc3 a6 6. Be3 e5
7. Nf3 Qc7 8. a4 Be7 9. Be2 O-O 10. O-O h6 11. a5 Be6 12. Nd5
Nxd5 13. exd5 Bf5 14. c4 Nd7 15. b4 Bh7 16. Rc1 Rac8 17. Nd2
Bg5 18. Bxg5 hxg5 19. Nb3 b6 20. Qd2 Rb8 21. Qxg5 bxa5
22. Nxa5 Rxb4 23. Nc6 Rb3 24. Bd1 Ra3 25. Qe7 Rc8 26. Bg4 f5
27. Qe6+ Kh8 28. Bxf5 Bxf5 29. Qxf5 Nc5 30. Ne7 Qxe7 31. Qxc8+
Kh7 32. Rb1 Rb3 33. Rxb3 Nxb3 34. Qh3+ 1-0

[Event "Sharjah Masters"]
[Site "Sharjah UAE"]
[Date "2018.04.19"]
[EventDate "2018.04.12"]
[Round "9.7"]
[Result "1/2-1/2"]
[White "Alireza Firouzja"]
[Black "Nils Grandelius"]
[WhiteElo "2572"]
[BlackElo "2652"]
[PlyCount "218"]

1. e4 c5 2. Nf3 d6 3. d4 cxd4 4. Nxd4 Nf6 5. Nc3 a6 6. Be3 e6
7. Qd2 Qc7 8. f3 h5 9. Be2 Nbd7 10. a4 b6 11. O-O Be7 12. Rfd1
O-O 13. Kh1 Bb7 14. Bg5 Rfe8 15. Qe1 Rac8 16. Qf1 Nb8 17. Rac1
Red8 18. Bh4 d5 19. e5 Qxe5 20. Bg3 Qg5 21. f4 Qh6 22. f5 e5
23. Bxe5 Bd6 24. Bxd6 Rxd6 25. Rd3 Nbd7 26. Rh3 Nc5 27. Rd1
Re8 28. Bxh5 Nxh5 29. g4 Qg5 30. Rxh5 Qxg4 31. Qh3 Qxh3
32. Rxh3 Ne4 33. Rf1 Rc8 34. Nce2 a5 35. Nb5 d4 36. Kg1 Rxc2
37. Nxd6 Nxd6 38. Re1 f6 39. Nf4 Kf7 40. Rh8 d3 41. Nxd3 Nxf5
42. Rd8 Bc6 43. Rc1 Rg2+ 44. Kf1 Ne3+ 45. Ke1 Nc2+ 46. Kf1
Ne3+ 47. Ke1 Nc2+ 48. Kf1 Rxh2 49. Nf2 Bxa4 50. Kg1 Rh5
51. Ne4 Re5 52. Nc3 Bb3 53. Rb8 Rg5+ 54. Kf2 Nb4 55. Rd8 Rf5+
56. Kg3 a4 57. Re1 Nc6 58. Rd6 Ne5 59. Rxb6 Rg5+ 60. Kh3 Be6+
61. Rxe6 Kxe6 62. Nxa4 Rf5 63. b4 Rf3+ 64. Kg2 Ra3 65. Nc5+
Kf5 66. Rb1 Ra2+ 67. Kg3 Ra3+ 68. Kg2 Nc4 69. b5 Nb6 70. Rf1+
Kg6 71. Re1 Rc3 72. Ne6 Rb3 73. Rc1 Rxb5 74. Rc7 Kh6 75. Rb7
g6 76. Rb8 g5 77. Kf3 Kg6 78. Rb7 Rb3+ 79. Ke4 Rb4+ 80. Kf3
Nd5 81. Ra7 Kf5 82. Ng7+ Ke5 83. Ra6 Rb6 84. Ra5 Rb7 85. Nh5
Rb3+ 86. Kf2 f5 87. Ra8 f4 88. Rg8 Kf5 89. Ng7+ Kg6 90. Ne8+
Kh5 91. Ng7+ Kh4 92. Nf5+ Kh5 93. Ng7+ Kg6 94. Ne8+ Kf5
95. Nd6+ Kg4 96. Nf7 Rb2+ 97. Kg1 Rb1+ 98. Kf2 Rb2+ 99. Kg1
Ne3 100. Nxg5 Rg2+ 101. Kh1 Kf5 102. Rf8+ Kxg5 103. Rg8+ Kf5
104. Rxg2 Nxg2 105. Kxg2 Ke4 106. Kf2 f3 107. Kf1 Ke3 108. Ke1
f2+ 109. Kf1 Kf3 1/2-1/2

[Event "25th Abu Dhabi Masters"]
[Site "Abu Dhabi UAE"]
[Date "2018.08.12"]
[EventDate "?"]
[Round "6.8"]
[Result "1-0"]
[White "Ivan Cheparinov"]
[Black "Alireza Firouzja"]
[WhiteElo "2718"]
[BlackElo "2561"]
[PlyCount "80"]

1. e4 c5 2. Nf3 d6 3. d4 cxd4 4. Nxd4 Nf6 5. Nc3 Nc6 6. Bg5 e6 7. Qd2 a6 8. O-O-O Bd7 9. f4 b5 10. Bxf6 gxf6 11. Kb1 Qb6 12. Nce2 Rc8 13. g4 h5 14. gxh5 Rxh5 15. h4 Rh8 16. h5 Na5 17. Ng3 Bh6 18. Rh4 Rg8 19. Qe1 Nc4 20. c3 Kf8 21. b3 Na5 22. e5 fxe5 23. fxe5 d5 24. Nge2 Qc7 25. Qf2 Ke8 26. Qh2 Nc6 27. Nxc6 Bxc6 28. Nd4 Bd7 29. Rh3 Rg4 30. Rf3 Re4 31. Qg3 Ke7 32. Rf6 Qxe5 33. Qxe5 Rxe5 34. Rxh6 Rxc3 35. Bd3 Rg5 36. Ne2 Rc6 37. Nf4 Rd6 38. Rh7 Be8 39. h6 e5 40. Rg7 1-0

[Event "25th Abu Dhabi Masters"]
[Site "Abu Dhabi UAE"]
[Date "2018.08.13"]
[EventDate "?"]
[Round "7.24"]
[Result "1-0"]
[White "Alireza Firouzja"]
[Black "D Gukesh"]
[WhiteElo "2561"]
[BlackElo "2440"]
[PlyCount "100"]

1. e4 c6 2. d4 d5 3. e5 Bf5 4. Nf3 e6 5. Be2 Ne7 6. O-O Ng6 7. Be3 Nd7 8. Ne1 h5 9. c3 h4 10. Bd3 Ne7 11. Bg5 f6 12. exf6 gxf6 13. Bf4 e5 14. dxe5 fxe5 15. Bg5 e4 16. Be2 Qb6 17. Nc2 Qxb2 18. Nd4 Bg6 19. Nb3 Bh6 20. Bxh6 Rxh6 21. Bg4 a5 22. Re1 a4 23. Re2 a3 24. Bxd7+ Kxd7 25. Rxb2 axb2 26. N1d2 bxa1=Q 27. Qxa1 Bf5 28. Nc5+ Kc7 29. c4 Rh7 30. cxd5 cxd5 31. Qe5+ Kc6 32. Ncb3 Rxa2 33. h3 Kd7 34. Nc5+ Kc6 35. Qc3 Kd6 36. Ndb3 b6 37. Nb7+ Kd7 38. Qe5 Rh6 39. Nd4 Ra7 40. Qb8 Ra1+ 41. Kh2 Nc6 42. Qf8 Nxd4 43. Qxh6 Ne6 44. Qf6 d4 45. Qxf5 d3 46. Qxe4 d2 47. Qd5+ Kc7 48. Qe5+ Kxb7 49. Qxa1 Nc5 50. Qd4 1-0

[Event "25th Abu Dhabi Masters"]
[Site "Abu Dhabi UAE"]
[Date "2018.08.14"]
[EventDate "?"]
[Round "8.10"]
[Result "1-0"]
[White "Vladimir Fedoseev"]
[Black "Alireza Firouzja"]
[WhiteElo "2707"]
[BlackElo "2561"]
[PlyCount "140"]

1. d4 Nf6 2. c4 g6 3. Nc3 Bg7 4. e4 d6 5. Nf3 O-O 6. Be3 e5 7. d5 Na6 8. Be2 Ng4 9. Bg5 f6 10. Bh4 h5 11. h3 Nh6 12. Nd2 Nf7 13. f3 Bh6 14. Bf2 c6 15. a3 Bd7 16. Nb3 c5 17. Nc1 Kh8 18. Nd3 Rc8 19. Nb5 Bxb5 20. cxb5 Nc7 21. Qb3 f5 22. Qc4 a6 23. a4 a5 24. h4 Na8 25. Nc1 Nb6 26. Qc2 c4 27. Na2 Bg7 28. g4 Nh6 29. g5 Ng8 30. exf5 gxf5 31. Nc3 Ne7 32. O-O-O Ng6 33. Kb1 Nd7 34. Be3 Nf4 35. Bf1 Qe8 36. Bxf4 exf4 37. Bh3 Qg6 38. Ne2 Be5 39. Nd4 c3 40. bxc3 Nb6 41. Bxf5 Rxf5 42. Qxf5 Qxf5+ 43. Nxf5 Nxa4 44. Rde1 Nxc3+ 45. Kc2 Nxd5+ 46. Kd3 Nb4+ 47. Ke2 Rc2+ 48. Kf1 a4 49. g6 Nd3 50. Rd1 Nb2 51. Ra1 Kg8 52. Ra2 Rc5 53. Rg1 Bf6 54. Nxd6 Rc2 55. Ne4 Bxh4 56. g7 Nc4 57. Rxc2 Ne3+ 58. Ke2 Nxc2 59. Kd3 Ne1+ 60. Kc3 a3 61. Rf1 Kxg7 62. Nd6 Bf6+ 63. Kb3 Nd3 64. Nxb7 Be7 65. b6 Kf7 66. Rd1 Nb4 67. Nd6+ Ke6 68. Kxb4 Bxd6+ 69. Kb3 Ke7 70. b7 1-0

[Event "World Junior Championship"]
[Site "Gebze TUR"]
[Date "2018.09.05"]
[EventDate "2018.09.05"]
[Round "1.8"]
[Result "1-0"]
[White "Alireza Firouzja"]
[Black "Emre Emin Dedebas"]
[WhiteElo "2582"]
[BlackElo "2334"]
[PlyCount "54"]

1. d4 Nf6 2. c4 e6 3. Nf3 b6 4. g3 Bb7 5. Bg2 Bb4+ 6. Bd2 a5 7. O-O O-O 8. Bf4
Be7 9. Qd3 d5 10. cxd5 Nxd5 11. Nc3 Nxf4 12. gxf4 Nd7 13. Ng5 Bxg5 14. Bxb7 Rb8
15. fxg5 Rxb7 16. f4 Qe7 17. Qe4 Rbb8 18. Qc6 Rbc8 19. e3 Rfd8 20. Rac1 Nb8 21.
Qb7 Qd7 22. Ne4 Re8 23. Nf2 c5 24. Qxb6 Rc6 25. Qxa5 cxd4 26. exd4 Ra6 27. Qc7
Rxa2 1-0

[Event "World Junior Championship"]
[Site "Gebze TUR"]
[Date "2018.09.06"]
[EventDate "2018.09.05"]
[Round "2.6"]
[Result "0-1"]
[White "Escalante Ramirez, Brian Sebasti"]
[Black "Alireza Firouzja"]
[WhiteElo "2436"]
[BlackElo "2582"]
[PlyCount "68"]

1. e4 e6 2. d4 d5 3. e5 c5 4. c3 Qb6 5. Nf3 Nc6 6. Bd3 Bd7 7. O-O cxd4 8. cxd4
Nxd4 9. Nbd2 Nxf3+ 10. Nxf3 h6 11. Be3 Bc5 12. Bxc5 Qxc5 13. b4 Qxb4 14. Rb1 Qa5
15. Nd4 Qc7 16. Qg4 Kf8 17. f4 Ne7 18. Rfc1 Nc6 19. Nb5 Qb6+ 20. Kh1 Qe3 21. Bf1
g5 22. fxg5 hxg5 23. Re1 Qf4 24. Qxf4 gxf4 25. Nd6 Rb8 26. Nxb7 Ke7 27. Kg1 Bc8
28. Na5 Bd7 29. Nb7 Rhc8 30. Bd3 Nd4 31. Nd6 Rg8 32. Kf2 Rxb1 33. Rxb1 Nc6 34.
Re1 f6 0-1

[Event "World Junior Championship"]
[Site "Gebze TUR"]
[Date "2018.09.07"]
[EventDate "2018.09.05"]
[Round "3.5"]
[Result "1-0"]
[White "Alireza Firouzja"]
[Black "Vugar Asadli"]
[WhiteElo "2582"]
[BlackElo "2492"]
[PlyCount "86"]

1. e4 e6 2. d4 d5 3. Nd2 c5 4. Ngf3 cxd4 5. Nxd4 Nc6 6. Bb5 Bd7 7. Nxc6 bxc6 8.
Bd3 Bd6 9. Qe2 Ne7 10. O-O Qc7 11. Nf3 Ng6 12. Re1 Nf4 13. Bxf4 Bxf4 14. e5 O-O
15. c4 c5 16. h4 g6 17. h5 dxc4 18. Bc2 Rab8 19. Qxc4 Rb4 20. Qc3 Rfb8 21. g3
Bh6 22. b3 c4 23. Nh2 Bg7 24. Ng4 R8b7 25. Re4 Bc6 26. Rxc4 Rxc4 27. bxc4 Qb6
28. Rd1 Rb8 29. Nf6+ Kh8 30. hxg6 hxg6 31. c5 Qb7 32. Qd4 Bxf6 33. exf6 Qb2 34.
Qf4 Kh7 35. g4 Re8 36. Ba4 Qe2 37. Rf1 Bxa4 38. Qxa4 Qf3 39. g5 Rd8 40. Qh4+ Kg8
41. c6 Rc8 42. Rc1 e5 43. Qh6 1-0

[Event "World Junior Championship"]
[Site "Gebze TUR"]
[Date "2018.09.07"]
[EventDate "2018.09.05"]
[Round "4.3"]
[Result "0-1"]
[White "Andrew Tang"]
[Black "Alireza Firouzja"]
[WhiteElo "2489"]
[BlackElo "2582"]
[PlyCount "84"]

1. d4 f5 2. Nf3 Nf6 3. g3 g6 4. Bg2 Bg7 5. O-O O-O 6. b3 d6 7. Bb2 c6 8. Nbd2
Na6 9. e3 Ne4 10. Qe2 Qc7 11. Rad1 Bd7 12. Ne1 Ng5 13. Nd3 Rae8 14. h4 Nf7 15.
e4 e5 16. dxe5 dxe5 17. Rfe1 f4 18. gxf4 exf4 19. e5 Bf5 20. Nf3 Qe7 21. Nxf4
Bg4 22. Nd3 Nh6 23. Qe4 Nc7 24. Bc1 Ne6 25. Bxh6 Bxf3 26. Bxf3 Bxh6 27. Bg4 Nf4
28. Qc4+ Kh8 29. Nxf4 Rxf4 30. Re4 Ref8 31. Rxf4 Bxf4 32. e6 Qxh4 33. Qc3+ Kg8
34. Bh3 Bc7 35. Rd2 Bb6 36. e7 Qxe7 37. Qc4+ Rf7 38. Kf1 Kf8 39. Qc3 Rf6 40. Re2
Qd6 41. Rd2 Qf4 42. Re2 Qh4 0-1

[Event "World Junior Championship"]
[Site "Gebze TUR"]
[Date "2018.09.08"]
[EventDate "2018.09.05"]
[Round "5.2"]
[Result "1/2-1/2"]
[White "Alireza Firouzja"]
[Black "Javokhir Sindarov"]
[WhiteElo "2582"]
[BlackElo "2484"]
[PlyCount "130"]

1. e4 e5 2. Nf3 Nc6 3. Bb5 a6 4. Ba4 Nf6 5. O-O Be7 6. Re1 b5 7. Bb3 d6 8. c3
O-O 9. h3 Bb7 10. d4 Re8 11. Nbd2 Bf8 12. a4 h6 13. Bc2 exd4 14. cxd4 Nb4 15.
Bb1 c5 16. d5 Nd7 17. Ra3 c4 18. Ree3 g6 19. axb5 axb5 20. b3 Ba6 21. Bb2 Bg7
22. Bxg7 Kxg7 23. bxc4 bxc4 24. Nxc4 Qf6 25. Ncd2 Nc5 26. Rac3 Rac8 27. Nb3 Na4
28. Rxc8 Rxc8 29. Qd2 Rb8 30. e5 dxe5 31. Nxe5 Rb5 32. Re4 Rxd5 33. Qxb4 Rd1+
34. Kh2 Qxf2 35. Qxa4 Bb7 36. Ng4 Qg1+ 37. Kg3 Rxb1 38. Re2 Bxg2 39. Qd4+ Qxd4
40. Nxd4 Bd5 41. Re5 Ba2 42. Ra5 Rb4 43. Nc6 Rb3+ 44. Kf2 Rb2+ 45. Ke3 Be6 46.
Nd4 Bxg4 47. hxg4 f5 48. gxf5 gxf5 49. Kf4 Kf6 50. Ra6+ Ke7 51. Ke5 Kd7 52. Ra7+
Kc8 53. Kd6 Rb7 54. Ra8+ Rb8 55. Ra1 Rb2 56. Ra7 Rb7 57. Ra8+ Rb8 58. Ra5 Rb1
59. Rxf5 Rd1 60. Kd5 Kb7 61. Rf6 h5 62. Rh6 h4 63. Rxh4 Kb6 64. Rh6+ Kb7 65. Ke4 1/2-1/2

[Event "World Junior Championship"]
[Site "Gebze TUR"]
[Date "2018.09.10"]
[EventDate "2018.09.05"]
[Round "6.1"]
[Result "1/2-1/2"]
[White "Parham Maghsoodloo"]
[Black "Alireza Firouzja"]
[WhiteElo "2649"]
[BlackElo "2582"]
[PlyCount "66"]

1. e4 e6 2. d4 d5 3. exd5 exd5 4. Nf3 Bd6 5. Bd3 Ne7 6. O-O Nbc6 7. c3 Bf5 8.
Bxf5 Nxf5 9. Re1+ Nfe7 10. b3 O-O 11. Na3 Ng6 12. Nb5 Be7 13. c4 dxc4 14. bxc4
a6 15. Nc3 Bb4 16. Qb3 Nh4 17. Nxh4 Qxh4 18. Be3 b5 19. Red1 Rab8 20. Rac1 Bxc3
21. Qxc3 Ne7 22. g3 Qh5 23. Qa3 Nf5 24. Bf4 bxc4 25. Bxc7 Rbc8 26. Qc5 Qf3 27.
Qxc4 Rxc7 28. Qxc7 Ne3 29. fxe3 Qxe3+ 30. Kg2 Qe2+ 31. Kh3 Qh5+ 32. Kg2 Qe2+ 33.
Kh3 1/2-1/2

[Event "World Junior Championship"]
[Site "Gebze TUR"]
[Date "2018.09.11"]
[EventDate "2018.09.05"]
[Round "7.2"]
[Result "1-0"]
[White "Alireza Firouzja"]
[Black "Maksim Vavulin"]
[WhiteElo "2582"]
[BlackElo "2559"]
[PlyCount "132"]

1. e4 e5 2. Nf3 Nc6 3. Bc4 Nf6 4. d3 h6 5. O-O d6 6. c3 g6 7. d4 Qe7 8. d5 Nb8
9. Bd3 Nbd7 10. Bc2 Bg7 11. c4 O-O 12. Nc3 Nh7 13. Qe2 Nb6 14. b4 f5 15. Nd2 f4
16. c5 Nd7 17. Ba3 g5 18. f3 Rd8 19. Nc4 Ndf6 20. Kf2 g4 21. Ke1 h5 22. Qf2 Ne8
23. Kd2 Bh6 24. Kc1 g3 25. Qe2 Nf8 26. Kb2 Ng6 27. Rh1 h4 28. h3 Bf8 29. Na5 Nf6
30. Bb3 Kh7 31. Rac1 Nh8 32. Rc2 Nf7 33. Rhc1 Ne8 34. Nb5 Qf6 35. cxd6 Bxd6 36.
Kb1 Kh6 37. Nxd6 Nfxd6 38. Bb2 Bd7 39. Qd2 b6 40. Nc6 Bxc6 41. Rxc6 Rd7 42. Ba4
Re7 43. Bc3 Kh5 44. Qe2 Kg5 45. Qa6 Kh5 46. Bb2 Qg6 47. R6c2 Nf6 48. Qd3 Rc8 49.
Rc6 Nfe8 50. Ka1 Ra8 51. Qa6 Kg5 52. R6c2 b5 53. Bxb5 Nxb5 54. Qxb5 Qb6 55. Qc5
Nd6 56. Qxb6 cxb6 57. Rc7 Rae8 58. Rxe7 Rxe7 59. Rc6 Nf7 60. Kb1 Kh5 61. Re6 Rd7
62. Bxe5 Ng5 63. Rf6 Nxh3 64. gxh3 g2 65. Rf5+ Kg6 66. Bd4 1-0

[Event "World Junior Championship"]
[Site "Gebze TUR"]
[Date "2018.09.12"]
[EventDate "2018.09.05"]
[Round "8.2"]
[Result "1-0"]
[White "Awonder Liang"]
[Black "Alireza Firouzja"]
[WhiteElo "2575"]
[BlackElo "2582"]
[PlyCount "89"]

1. e4 e5 2. Nf3 Nc6 3. Bb5 a6 4. Ba4 Nf6 5. O-O Be7 6. Bxc6
dxc6 7. d3 Nd7 8. Nbd2 c5 9. Nc4 Bf6 10. a4 a5 11. Bd2 b6
12. Bc3 Qe7 13. Ne3 Bb7 14. Ng4 h5 15. Nxf6+ gxf6 16. Nh4
O-O-O 17. b3 Rdg8 18. Qe2 Qe6 19. f4 Rg4 20. Nf5 Kb8 21. Rf2
exf4 22. Raf1 c4 23. bxc4 Qc6 24. h3 Rg5 25. Nd4 Qc5 26. Nb3
Qe7 27. Bd2 Nc5 28. Bxf4 Rg6 29. Nxc5 Qxc5 30. Be3 Qc6 31. Bd4
Rhg8 32. Bxf6 Bc8 33. Qxh5 Qxa4 34. Kh1 Qa3 35. c5 Qxc5
36. Qxc5 bxc5 37. Rb1+ Bb7 38. Rb5 c4 39. Rxa5 Kc8 40. Rc5
cxd3 41. cxd3 Ba6 42. Be5 c6 43. Rxf7 Rxg2 44. Rxc6+ Kd8
45. Rf8+ 1-0

[Event "World Junior Championship"]
[Site "Gebze TUR"]
[Date "2018.09.13"]
[EventDate "2018.09.05"]
[Round "9.2"]
[Result "0-1"]
[White "Alireza Firouzja"]
[Black "Abhimanyu Puranik"]
[WhiteElo "2582"]
[BlackElo "2524"]
[PlyCount "132"]

1. Nf3 Nf6 2. c4 g6 3. Nc3 c5 4. d4 cxd4 5. Nxd4 Bg7 6. e4 d6
7. Be2 O-O 8. Be3 Nc6 9. O-O Bd7 10. Nc2 a5 11. f3 Be6 12. Kh1
a4 13. Qd2 Qa5 14. Rab1 Rfc8 15. f4 Nb4 16. Nxb4 Qxb4 17. b3
axb3 18. axb3 Ra3 19. Qc2 b5 20. Bc1 Raa8 21. f5 Bd7 22. Bd2
Qc5 23. Bg5 Bc6 24. Bd3 Ng4 25. Nd5 Bxd5 26. exd5 bxc4
27. bxc4 Rc7 28. fxg6 hxg6 29. Rbe1 Ne5 30. h3 Qd4 31. Be2 Rb8
32. Rb1 Ra8 33. Rbd1 Qa7 34. Qe4 Qa2 35. Rd2 Qa3 36. Rb1 Rac8
37. Rc2 Qa4 38. Rbc1 Rb8 39. Qh4 Qd7 40. Rf1 Rb4 41. Ra2 Rb8
42. Qe4 Ra7 43. Rc2 Rb3 44. Rcc1 Ra2 45. Rb1 Qb7 46. Rxb3 Qxb3
47. Re1 Bf6 48. Bxf6 exf6 49. Bf1 Kg7 50. Qf4 Qb6 51. Rd1 Rf2
52. Qg3 f5 53. Qc3 Qc5 54. Re1 f4 55. Be2 Kh7 56. Bf3 Ra2
57. Rxe5 dxe5 58. Qxe5 Qf2 59. Qf6 Kg8 60. d6 Rc2 61. Qa1 Qe3
62. d7 Rc1+ 63. Qxc1 Qxc1+ 64. Kh2 Qd2 65. Bd5 Qa5 66. c5 f3
0-1

[Event "World Junior Championship"]
[Site "Gebze TUR"]
[Date "2018.09.14"]
[EventDate "2018.09.05"]
[Round "10.7"]
[Result "0-1"]
[White "Raphael Lagunow"]
[Black "Alireza Firouzja"]
[WhiteElo "2403"]
[BlackElo "2582"]
[PlyCount "76"]

1. e4 c5 2. Nf3 d6 3. Nc3 a6 4. g3 e5 5. a4 Nc6 6. Bg2 g6
7. d3 Bg7 8. Nd2 Rb8 9. Nc4 b5 10. axb5 axb5 11. Ne3 Nge7
12. h4 h5 13. Ncd5 Nxd5 14. Nxd5 Bg4 15. Bf3 Be6 16. c3 Bxd5
17. exd5 Ne7 18. Qb3 Qd7 19. Ra6 O-O 20. Qa2 Rfc8 21. O-O Bf6
22. Re1 c4 23. Qa3 Nf5 24. dxc4 Rxc4 25. Rc6 Ra4 26. Qb3 Bd8
27. Kf1 Ne7 28. c4 Ba5 29. cxb5 Rb4 30. Qa3 R8xb5 31. Rc3 Nxd5
32. Rd3 Nb6 33. b3 Qf5 34. Be2 e4 35. Rxd6 Rxb3 36. Rd8+ Kh7
37. Rh8+ Kxh8 38. Qf8+ Kh7 0-1

[Event "World Junior Championship"]
[Site "Gebze TUR"]
[Date "2018.09.15"]
[EventDate "2018.09.05"]
[Round "11.5"]
[Result "1/2-1/2"]
[White "Alireza Firouzja"]
[Black "Sunilduth Lyna Narayanan"]
[WhiteElo "2582"]
[BlackElo "2573"]
[PlyCount "91"]

1. e4 e5 2. Nf3 Nc6 3. Bc4 Bc5 4. c3 Nf6 5. d4 exd4 6. e5 d5
7. Bb5 Ne4 8. cxd4 Bb6 9. Nc3 O-O 10. Be3 Bg4 11. h3 Bh5
12. Qc2 Bg6 13. Qb3 Ne7 14. O-O c6 15. Bd3 Nf5 16. Rfe1 Nxe3
17. Rxe3 Ng5 18. Bxg6 fxg6 19. Ne2 Ne6 20. a4 Rf7 21. Qc3 a5
22. Qd2 g5 23. Rb1 Qe7 24. Rb3 Bd8 25. Ne1 Qc7 26. Rf3 Rxf3
27. Nxf3 Be7 28. Ne1 Bb4 29. Qe3 Bxe1 30. Rxe1 Qb6 31. b3 Rf8
32. Rd1 Qb4 33. g3 Rf7 34. Kg2 b6 35. Rc1 Rc7 36. Qd3 g6
37. Rh1 Rf7 38. Rc1 Rc7 39. Rc3 Kg7 40. Rc2 Kg8 41. Rd2 Rd7
42. Rc2 Rc7 43. Qe3 Rc8 44. Rc1 Rc7 45. Rd1 Qf8 46. Rc1
1/2-1/2

[Event "Chess Olympiad"]
[Site "Batumi GEO"]
[Date "2018.09.25"]
[EventDate "2018.09.24"]
[Round "2.14"]
[Result "1-0"]
[White "Alireza Firouzja"]
[Black "Pierre Gengler"]
[WhiteElo "2582"]
[BlackElo "2205"]
[PlyCount "63"]

1. d4 Nf6 2. c4 g6 3. Nc3 Bg7 4. e4 O-O 5. Nf3 d6 6. Be2 c5
7. O-O cxd4 8. Nxd4 a6 9. Be3 b6 10. Bf3 Bb7 11. e5 Bxf3
12. Qxf3 dxe5 13. Ne6 fxe6 14. Qxa8 Qc7 15. b3 e4 16. h3 Nh5
17. Rac1 Nc6 18. Qxa6 Nf4 19. c5 Nxh3+ 20. gxh3 Ne5 21. f4
exf3 22. Qxb6 Qc8 23. Ne4 f2+ 24. Rxf2 Rxf2 25. Bxf2 Nf3+
26. Kg2 Qf8 27. Qxe6+ Kh8 28. Rf1 Ne5 29. Bd4 Qa8 30. c6 Qxa2+
31. Rf2 Qb1 32. Qc8+ 1-0